Логика и навыки критического мышления: учебное пособие

Bibliographic Details
Main Author: Брылина И. В. Ирина Владимировна
Corporate Author: Национальный исследовательский Томский политехнический университет Школа базовой инженерной подготовки
Other Authors: Панькова Н. М. Наталья Михайловна
Summary:Заглавие с титульного экрана
В пособии подробно рассмотрены основные законы и формы правильного мышления, категории логики и диалектики; отражена роль логики в становлении критического мышления. Авторы опираются на новые научные и учебные издания (2000-х гг.). Предназначено для магистрантов всех направлений и специальностей и всех заинтересованных в развитии логической компетенции.
Режим доступа: из корпоративной сети ТПУ
Language:Russian
Published: Томск, Изд-во ТПУ, 2020
Subjects:
Online Access:https://www.lib.tpu.ru/fulltext2/m/2020/m061.pdf
Format: Electronic Book
KOHA link:https://koha.lib.tpu.ru/cgi-bin/koha/opac-detail.pl?biblionumber=345362

MARC

LEADER 00000nlm0a2200000 4500
001 345362
005 20241211110604.0
035 |a (RuTPU)RU\TPU\book\377199 
035 |a RU\TPU\book\233698 
090 |a 345362 
100 |a 20201116d2020 m y0rusy50 ca 
101 0 |a rus 
102 |a RU 
105 |a y j 001zy 
135 |a drzz ---uucaa 
181 0 |a i  
182 0 |a b 
200 1 |a Логика и навыки критического мышления  |e учебное пособие  |f И. В. Брылина, Н. М. Панькова  |g Национальный исследовательский Томский политехнический университет, Школа базовой инженерной подготовки 
203 |a Текст  |c электронный 
210 |a Томск  |c Изд-во ТПУ  |d 2020 
300 |a Заглавие с титульного экрана 
330 |a В пособии подробно рассмотрены основные законы и формы правильного мышления, категории логики и диалектики; отражена роль логики в становлении критического мышления. Авторы опираются на новые научные и учебные издания (2000-х гг.). Предназначено для магистрантов всех направлений и специальностей и всех заинтересованных в развитии логической компетенции. 
333 |a Режим доступа: из корпоративной сети ТПУ 
452 1 |0 (RuTPU)RU\TPU\book\377699  |y 978-5-4387-0959-6  |t Логика и навыки критического мышления  |o учебное пособие  |f И. В. Брылина, Н. М. Панькова  |g Национальный исследовательский Томский политехнический университет  |c Томск  |n Изд-во ТПУ  |d 2020  |p 80 с.  |a Брылина, Ирина Владимировна 
606 |a Логика  |2 stltpush  |3 (RuTPU)RU\TPU\subj\40551  |9 60396 
606 1 |a Мышление  |x Логические законы  |2 stltpush  |3 (RuTPU)RU\TPU\subj\44646  |9 63947 
610 1 |a труды учёных ТПУ 
610 1 |a электронный ресурс 
610 1 |a учебные пособия 
610 1 |a мышление 
610 1 |a логика 
610 1 |a диалектика 
610 1 |a критическое мышление 
686 |a Ю4я73  |2 rubbk 
686 |a Ю42я73  |2 rubbk 
700 1 |a Брылина  |b И. В.  |c философ  |c доцент Томского политехнического университета, доктор философских наук  |f 1967-  |g Ирина Владимировна  |3 (RuTPU)RU\TPU\pers\24728  |9 10969 
701 1 |a Панькова  |b Н. М.  |g Наталья Михайловна  |f 1975-  |c философ  |c доцент Томского политехнического университета, кандидат философских наук  |y Томск  |3 (RuTPU)RU\TPU\pers\25434  |9 11376 
712 0 2 |a Национальный исследовательский Томский политехнический университет  |b Школа базовой инженерной подготовки  |c (2017- )  |3 (RuTPU)RU\TPU\col\23509 
801 1 |a RU  |b 63413507  |c 20111110 
801 2 |a RU  |b 63413507  |c 20211111  |g RCR 
856 4 |u https://www.lib.tpu.ru/fulltext2/m/2020/m061.pdf 
942 |c CF